Národohospodářská odvětví a pracovní síly nástin dlouhodobého vývoje odvětvové struktury společenské pracovní síly a rozbor československého vývoje

Guardado en:
Detalles Bibliográficos
Autor principal: Frejka, Tomáš
Formato: Libro
Lenguaje:checo
Publicado: Praha Academia, nakl. ČSAV 1968
Colección:Rozpravy ČSAV
Etiquetas: Agregar Etiqueta
Sin Etiquetas, Sea el primero en etiquetar este registro!

MARC

LEADER 00000nam a2200000 4500
001 c122523
005 20240417141014.3
041 0 |a cze 
044 |a CZ 
245 1 0 |a Národohospodářská odvětví a pracovní síly  |b nástin dlouhodobého vývoje odvětvové struktury společenské pracovní síly a rozbor československého vývoje  |c Tomáš Frejka 
264 1 |a Praha  |b Academia, nakl. ČSAV  |c 1968 
300 |a 94 s. 
490 1 |a Rozpravy ČSAV 
830 0 |a Rozpravy ČSAV 
100 1 |a Frejka, Tomáš